00326nam a22001097a 4500040000900000082001200009100002500021110003900046245007200085260004400157650001500201 cNUST a200 THE aMuhammad Faheem Khan aSupervisor Dr. Zafar Abbas Bangash aTH-SOF-2081-Investigation of Spanwise tip Blowing in Rotating Wings aISLAMABAD:bNUST COLLEGE OF EME,c2022. aMS-MECH-18